000 00481nmm a2200157Ia 4500
008 251105s9999||||xx |||||||||||||||||und||
020 _a9788417977160
041 _aspa
100 _aButler, Nickolas
245 0 _aAlgo en lo que creer
264 _a[Madrid, España] :
_bLibros del asteroide,
_c[Fecha de publicación no identificada]
300 _a352 páginas
650 _aNorth American narrative
856 _uhttps://public.digitaliapublishing.com/a/99032
942 _cCF
999 _c79364
_d79364